000 00383 a2200145 4500
001 169889
020 _a
040 _cMagnum
100 _aAgencia Regional de Noticias
240 1 0 _aClipping em educacao - 19/03/01 a 25/03/01 - ano ii - nº 79
_lpor
245 1 0 _aClipping em educacao - 19/03/01 a 25/03/01 - ano ii - nº 79
362 0 _a1899
697 _aGERAL
942 _cBK
999 _c169889
_d169889